000 00271nam a2200109Ia 4500
001 1260294
005 20260417140329.0
008 260417s9999 xx 000 0 und d
020 _a9786256126534
245 0 _aDerviş Hüneri
_cNuri Pakdil
260 _bKetebe Yayınları
999 _c1260294
_d1260294